000 00543nam a22001697a 4500
005 20211004151618.0
037 _aBC_329 62/C
040 _aBC-ENSA
_bfre
041 _afre
100 _aVERNET-LOZET, Maurice
245 _aLa science contemporaine
_nvol. 2
_ples sciences physiques et leurs applications
260 _aParis
_bLarousse
_c1965
300 _a360 p.
_bill. en coul
_c30 cm
562 _e01 exemplaire(s)
653 _aTECHNOLOGIE/PHYSIQUE/APPLICATION
942 _c09
999 _c33713
_d61711